000 00300nam a22001217a 4500
008 180515b xxu||||| |||| 00| 0 eng d
041 _aeng
080 _a043.3
100 _a0
101 _aSHKI-BTH
245 _aSistemet e videokonferencave telemjekësia në Kosovë
_cBekteshi,F
942 _2udc
_cBK
999 _c45834
_d45834